| 000 | 00648nam a22001937a 4500 | ||
|---|---|---|---|
| 008 | 161003b xxu||||| |||| 00| 0 eng d | ||
| 020 | _a9780736074353 | ||
| 020 | _a073607435X | ||
| 050 | _aGV 713 .L87 2008 | ||
| 100 | _aLussier, Robert N. | ||
| 245 |
_aApplied Sport Management Skills/ _cRobert N. Lussier and David C. Kimball |
||
| 260 |
_aChampaign, IL: _bHuman Kinetics, _c2008 |
||
| 300 |
_axiii, 497p. : _bill. ; |
||
| 500 | _aIncludes bibliographical references and index. | ||
| 650 |
_aSports _xManagement |
||
| 650 | _aSports administration | ||
| 700 | _aKimball, David C. | ||
| 942 |
_2lcc _cBOOKS _hGV 713 .L87 2008 |
||
| 999 |
_c14473 _d14473 |
||